Quiz Antiquité - Dates & événements - Statistiques

Statistiques générales
  • Ce quiz a été pris 240 fois
    231 depuis la dernière actualisation
  • Le résultat moyen est 9 sur 12
Statistiques - réponses
Question Réponse % Correct
Quel volcan a ensevelit la ville de Pompéi en 79 ap. J.-C ? Vésuve
86%
Quelle était la capitale de l'Empire romain d'Orient ? Constantinople
84%
En quelle année a été inventée l'écriture ? 3500 av. J.-C.
83%
En quelle année a eu lieu l'effondrement de l'Empire romain d'Occident et la fin de l'Antiquité ? 476 ap. J.-C.
82%
Qui fut assassiné par son fils en 44 av. J.-C. ? Jules César
82%
Qui fut empereur à Rome de 27 av. J.-C. à 14 ap. J.-C. ? Auguste
75%
Quand Romulus a-t-il fondé Rome ? 753 av. J.-C.
70%
Sur les rives de quel fleuve la louve a-t-elle recueilli les jumeaux Rémus et Romulus ? Tibre
70%
En quelle année la bataille d'Alésia a-t-elle eu lieu ? 52 av. J.-C.
67%
En quelle année ont été créés les premiers jeux olympiques ? 776 av. J.-C.
62%
Quand a eu lieu la division de l'Empire romain en Empire romain d'Orient et en Empire romain d'Occident ? 395 ap. J.-C.
57%
Quand a eu lieu la guerre de Troie ? 1250 av. J.-C.
39%
Aucun quiz correspondant
Distribution des résultats
% des personnes avec chaque résultat
Percentile par nombre de réponses
Votre historique - résultats
Vous n’avez pas pris ce quiz depuis la dernière actualisation